Counseling with parents in early childhood education

Gardado en:
Detalles Bibliográficos
Main Authors: Leonard, Edith M (Author), Van Deman, Dorothy D (Author), Miles, Lillian E (Author)
Formato: Libro
Idioma:inglés
Publicado: Nueva York The Macmillan Company 1954
Subjects:
Tags: Engadir etiqueta
Sen Etiquetas, Sexa o primeiro en etiquetar este rexistro!

MARC

LEADER 00000nam a2200000 a 4500
001 UCU1564
003 CL-VaPUC
008 960409e19540000US |||||||||||||||||eng|d
082 0 4 |a 371.404  |b LEO  |2 21 
100 0 |a Leonard, Edith M  |e author  |9 357191 
700 0 |a Van Deman, Dorothy D  |e author  |9 357192 
700 0 |a Miles, Lillian E  |e author  |9 357193 
245 1 0 |a Counseling with parents in early childhood education 
300 |a 330 p 
942 |c BK 
945 |d 19960409 00:00:00  |a paguirre 
260 |a Nueva York  |b The Macmillan Company  |c 1954 
650 7 |a ORIENTACION EDUCACIONAL  |2 CL-VaPUC  |9 312512 
650 0 |a Niños  |9 255605 
650 0 |a Educación preescolar  |9 260381 
650 0 |a Educación básica   |9 224933 
650 7 |a RELACIONES PADRES PROFESORES  |2 CL-VaPUC  |9 357194 
650 7 |a RESPONSABILIDAD DE LOS PADRES  |2 CL-VaPUC  |9 357195 
650 7 |a ROL DE LOS PADRES  |2 CL-VaPUC  |9 338980 
650 7 |a PARTICIPACION DE LOS PADRES  |2 CL-VaPUC  |9 357196 
583 |a last modification  |c 19960409 00:00:00  |k Rodrigo Vera 
999 |c 246126  |d 246124 
952 |0 0  |1 0  |4 0  |6 371_404000000000000_LEO_1954  |7 0  |8 P  |9 260874  |a BIBEDU  |b BIBEDU  |c BIBEDU_PB  |d 2019-11-19  |i 2012847  |o 371.404 LEO 1954  |p 2012847  |r 2024-01-25  |w 2019-11-19  |y BK  |k EDU